Statistics for Mainland Countries Closest to Island Countries

Click here to take the quiz!

General Stats

  • This quiz has been taken 61 times
  • The average score is 16 of 17

Answer Stats

kmIsland CountryMainland Country% Correct
243MaltaItaly
100%
15Sri LankaIndia
100%
432IrelandFrance
100%
969IcelandNorway
100%
151Papua New GuineaAustralia
100%
4TaiwanChina
100%
206CubaUnited States
100%
69CyprusTurkey
98%
54JapanSouth Korea
98%
449MaldivesIndia
98%
650PhilippinesChina
97%
0.5SingaporeMalaysia
95%
1BahrainQatar
90%
14Trinidad and TobagoVenezuela
90%
571Cape VerdeSenegal
85%
624JamaicaHonduras or
Nicaragua
80%
1159SeychellesMozambique
77%

Score Distribution

Percentile by Number Answered

Percent of People with Each Score

Your Score History

You have not taken this quiz